|
|
|
|
| LEADER |
00000nam0a2200000 4500 |
| 001 |
167006 |
| 005 |
20231031162643.0 |
| 010 |
|
|
|a 564800687X
|
| 020 |
|
|
|a RU
|b 91-17122
|
| 035 |
|
|
|a (RuTPU)RU\TPU\book\181144
|
| 090 |
|
|
|a 167006
|
| 100 |
|
|
|a 20091009d1991 k a0rusy5003 ca
|
| 101 |
0 |
|
|a rus
|
| 102 |
|
|
|a UZ
|
| 105 |
|
|
|a a z 001zy
|
| 200 |
1 |
|
|a Геохимические критерии прогнозирования и поисков вулканогенных месторождений Кураминской зоны
|f А. Д. Джураев, М. М. Пирназаров
|g Среднеазиатский институт геологии и минерального сырья
|
| 210 |
|
|
|a Ташкент
|c Фан
|d 1991
|
| 215 |
|
|
|a 196 с.
|c ил.
|d 22 см
|
| 320 |
|
|
|a Библиогр.: с. 187-191.
|
| 610 |
1 |
|
|a рудные месторождения
|
| 610 |
1 |
|
|a поиски
|
| 610 |
1 |
|
|a геохимическая разведка
|
| 610 |
1 |
|
|a Рудные месторождения - Геология - УзССР
|
| 610 |
1 |
|
|a разведка
|
| 610 |
1 |
|
|a Узбекистан
|
| 610 |
1 |
|
|a прогнозирование
|
| 675 |
|
|
|a 553.3
|z rus
|
| 700 |
|
1 |
|a Джураев
|b А.
|g Абдували
|4 070
|
| 701 |
|
1 |
|a Пирназаров
|b М. М.
|g Маджит Махкамович
|4 070
|
| 712 |
0 |
2 |
|a Среднеазиатский научно-исследовательский институт геологии и минерального сырья (САИГИМС)
|c (Ташкент)
|c (1957-1994)
|2 stltpush
|3 (RuTPU)RU\TPU\col\10266
|
| 801 |
|
0 |
|a RU
|b RuMRKP
|c 19950417
|g psbo
|
| 801 |
|
1 |
|a RU
|b 63413507
|c 20091009
|
| 801 |
|
2 |
|a RU
|b 63413507
|c 20100831
|g RCR
|
| 942 |
|
|
|c BK
|